| 000 | 00696pam a2200229 a 4500 | ||
|---|---|---|---|
| 001 | 4315480 | ||
| 005 | 20180201041615.0 | ||
| 008 | 880311s1988 nyu b 001 0 eng | ||
| 010 | _a 87047783 | ||
| 020 |
_a0465018785 : _c$21.95 |
||
| 040 |
_aDLC _cDLC _dDLC |
||
| 041 | _aeng | ||
| 043 | _an-us--- | ||
| 080 | _a324.730973 ABR | ||
| 082 | 0 | 0 |
_a324.730973 ABR _219 |
| 100 | 1 | _a19 | |
| 101 | _aPOL | ||
| 245 | 1 | 4 |
_aThe electronic commonwealth : _cJeffrey B. Abramson, F. Christopher Arterton, Gary R. Orren. |
| 504 | _aBibliography: p. 297-318. | ||
| 906 |
_a7 _bcbc _corignew _d1 _eocip _f19 _gy-gencatlg |
||
| 942 |
_2ddc _cBK |
||
| 999 |
_c41481 _d41481 |
||